000 00347nam a2200145Ia 4500
008 231011s9999 xx 000 0 und d
041 _aeng
082 _a658
100 _aRavichandran K.
245 _aFunctional Areas of Management
250 _a1st
260 _bAvinash Paperback Publication Delhi
_c2009
300 _a353
365 _b232
999 _c892261
_d892261